TOP 10 des sportifs préférés des Français en 2025 - Statistiques

Statistiques générales
  • Ce quiz a été pris 269 fois
  • Le résultat moyen est 6 sur 10
Statistiques - réponses
Discipline Sportif % Correct
Football Kylian Mbappé
96%
Natation Léon Marchand
94%
Judo Teddy Riner
91%
Rugby Antoine Dupont
89%
Tennis de table Félix Lebrun
85%
Athlétisme Kevin Mayer
32%
Judo Clarisse Agbegnenou
31%
VTT / Cyclisme Pauline Ferrand-Prévot
27%
Cyclisme Romain Bardet
26%
Boxe Estelle Mossely
6%
Aucun quiz correspondant
Distribution des résultats
% des personnes avec chaque résultat
Percentile par nombre de réponses
Votre historique - résultats
Vous n’avez pas pris ce quiz